[Event "IECG CN.1998.0.00075"]
[Site "IECG email"]
[Date "1998.07.29"]
[Round "?"]
[White "Collins, Tim"]
[Black "Hadden, Ian"]
[Result "0-1"]
[WhiteElo "800"]
[BlackElo "800"]
[PlyCount "42"]
[EventDate "1998.07.29"]
[EventType "tourn (corr)"]
[EventRounds "6"]
[SourceTitle "Corr 2008"]
[Source "ChessBase"]
[SourceDate "2008.06.24"]
[SourceVersion "1"]
[SourceVersionDate "2008.06.24"]
[SourceQuality "1"]

1. d4 Nf6 2. e3 g6 3. Nf3 Bg7 4. Bd3 0-0 5. e4 Nc6 6. e5 Nd5 7. c4 Ndb4 8. a3 Nxd3+ 9. Qxd3 d5 10. 0-0 Bf5 11. Qb3 Na5 12. Qb4 Nxc4 13. Qxb7 Rb8 14. Qxa7 Nxb2 15. Bxb2 Rxb2 16. Nc3 f6 17. Qc5 e6 18. exf6 Bxf6 19. a4 Be7 20. Qa7 Bd6 21. a5 Bh3 0-1